000 007440000a22002290004500
003 LK-CoMWRAF
005 20240315111502.0
008 230817t1 ||||| |||| 00| 0 eng d
040 _aLK-CoMWRAF
_dLK-CoMWRAF
_eLK-CoMWRAF
041 _aeng
082 _a348.5493
_bSRI
110 _aSri Lanka, Democratic Socialist Republic
245 _a1985 supplement (unofficial) to the revised edition of the legislative enactments of Sri Lanka
260 _aColombo:
_c1987
300 _a271-284 p.
490 _avol.I
_vpart 15
500 _aBuddhist tempoalities, Muslim mosques, Maradana Mosque, PSMPA
650 _aLAW-Sri Lanka
650 _aCivil law and procedure
700 _aDeheragoda, E. R. K. D. M. Hector
_ecomp.
942 _cBK
999 _c2777
_d2777